| 000 | 00464nam a22001577a 4500 | ||
|---|---|---|---|
| 020 | _a8174732330 | ||
| 082 |
_a540.02462 _bKUM _cN-01, P-159 |
||
| 100 |
_aNeetu, Geol _940092 |
||
| 245 |
_aConcise engineering chemistry / _cGeol Neetu, Sanjay Kumar |
||
| 250 | _a1st ed. | ||
| 260 |
_aIndia : _bAITBS Publishers & Distributors, _cc2004. |
||
| 300 |
_axxiii, 711 p. : _bill |
||
| 526 |
_a0 _b0 _c0 _d540_024620000000000_KUM |
||
| 650 |
_aNUST _96342 |
||
| 942 |
_2ddc _cBK |
||
| 999 |
_c544459 _d544459 |
||